000 00764cab a2200265 4500
001 ABS50413
008 090401t1994 xxu||||| |||| 00| 0 eng d
035 _a(Sirsi) u75603
041 _aeng
100 _aHalliday, S.
245 _aEnvironmental code of practice
260 _c1994
350 _a0
490 _aProperty Management
_v12(1) 1994, 31-32(2)
520 _aDescribes the development of an Environmental Code of Practice for Buildings and their Services by BSRIA.
650 _aBREEAM
650 _aBSRIA
650 _aCODES OF PRACTICE
650 _aCONSTRUCTION INDUSTRY
650 _aENVIRONMENTAL ISSUES
690 _aBlock management
_96220
690 _aENVIRONMENTAL AND LAND CONSULTANCY
942 _n0
948 _c04/03/1997
999 _c47561
_d47561